00242nam a2200097Ia 4500008004100000082001400041100003000055245002300085260002100108600001500129241002s9999 xx 000 0 und d a028.8 WIL aWilliams, Emrys, Williams 4aThe Reader's Guide aAustralia:c1960 aLiterature